| 000 | 00000nam##2200000za#4500 |
| 001 | 9.606022 |
| 003 | CaOODSP |
| 005 | 20210624212419 |
| 007 | cr ||||||||||| |
| 008 | 150406|2011||||xxc|||||o f|0| 0 fre|d |
| 022 | |a1920-6607 |
| 040 | |aCaOODSP|bfre |
| 043 | |an-cn--- |
| 086 | 1 |aA74-2/2011-19F-PDF |
| 110 | 1 |aCanada. |bAgriculture et agroalimentaire Canada. |bBureau des marchés internationaux. |
| 245 | 10|aLes consommateurs indonésiens - comportements, attitudes et perceptions à l'égard des produits alimentaires |h[ressource électronique] |
| 260 | |aOttawa - Ontario : |bAgriculture et Agroalimentaire Canada. |cJanvier 2011. |
| 300 | |a28p.|bfigures, graphiques, références, tableau, photographies |
| 490 | 1 |aRapport d’analyse de marché |x1920-6607 |
| 590 | |a13-20-Supp|b2013-08-30 |
| 775 | 08|tThe Indonesian consumer - behaviour, attitudes and perceptions toward food products |w(CaOODSP)9.577227 |
| 830 | #0|aRapport d’analyse de marché,|x1920-6607|w(CaOODSP)9.502774 |
| 856 | 40|ahttp://publications.gc.ca|qPDF|s4.35 Ko|uhttps://publications.gc.ca/collections/collection_2013/aac-aafc/A74-2-2011-19-fra.pdf |
| 986 | |aNo AAC. 11297F |